| 000 | 01087cam a2200373 4500 | ||
|---|---|---|---|
| 001 | a45311 | ||
| 003 | DO-SdBPM | ||
| 005 | 20250116093022.0 | ||
| 007 | a45311 | ||
| 008 | 090522s2008 sp a |||| 000 ua spa | ||
| 015 | _a | ||
| 017 |
_a _b |
||
| 020 | _a9788420423173 | ||
| 035 | _a | ||
| 040 |
_aDO-SdBPM _bspa _cBPMSU _e |
||
| 041 | 1 |
_aspa _h |
|
| 080 | _a | ||
| 080 | _a | ||
| 082 | 4 |
_a833.91 _bG768c 2009 _2 22 |
|
| 100 | 1 |
_aGrass, Günter _d1927-2015 _932 |
|
| 240 | 1 | 4 |
_a Die Box. _lEspañol |
| 245 | 1 | 3 |
_aLa caja de los deseos / _cGünter Grass ; traducción de Miguel Sáenz (con la colaboración de Grita Loebsack) _h |
| 260 |
_aMadrid : _bAlfaguara, _c2008 |
||
| 300 |
_a250 p.: _bil.; _c25 cm |
||
| 586 | _aPremio Nobel de literatura | ||
| 590 | _aInventariado, 2025/VM | ||
| 650 | 4 | _aNovela alemana | |
| 650 | 4 | _aNovela autobiográfica | |
| 650 | 4 | _aNovela humorística | |
| 650 |
_aRELACIONES DE PAREJAS _vNOVELA |
||
| 700 | 1 |
_aSáenz, Miguel, _d1932-, _etraductor |
|
| 910 | _aVMateo V. Control de calidad BPMSU | ||
| 942 |
_2ddc _cBK |
||
| 999 |
_c10483 _d10483 |
||